[Event "BOL-ch sf"]
[Site "La Paz"]
[Date "2020.02.16"]
[Round "7"]
[White "Acapa Mamani, Jhonathan"]
[Black "Pinto, Daniel"]
[Result "0-1"]
[WhiteElo "1509"]
[BlackElo "2207"]
[PlyCount "68"]
[EventDate "2020.02.13"]
[EventType "swiss"]
[EventRounds "7"]
[EventCountry "BOL"]
[SourceTitle "CBM 195 Extra"]
[Source "ChessBase"]
[SourceDate "2020.05.31"]
[SourceVersion "1"]
[SourceVersionDate "2020.05.31"]
[SourceQuality "1"]

1. e4 e5 2. Nf3 Nc6 3. Bb5 a6 4. Bxc6 dxc6 5. d4 exd4 6. Qxd4 Qxd4 7. Nxd4 Bd7 8. Be3 0-0-0 9. Nc3 Bd6 10. 0-0 Ne7 11. f4 f6 12. Rad1 Rhe8 13. a3 Ng6 14. Nb3 Kb8 15. h3 Bc8 16. Na5 c5 17. Nc4 b6 18. Nxd6 cxd6 19. Rfe1 f5 20. Kf2 h5 21. exf5 Bxf5 22. Nd5 Bxc2 23. Rd2 Bb3 24. Nxb6 Kb7 25. Nd5 Kc6 26. f5 Rf8 27. Nf4 Rxf5 28. Kg3 Ne5 29. Rf2 h4+ 30. Kh2 g6 31. Ne2 Rxf2 32. Bxf2 Nd3 33. Rf1 Rf8 34. Rg1 Bc4 0-1